00952nam a2200169Ia 4500001001300000003001000013008004100023040002500064041000700089100002000096245007200116250001100188260002700199300001200226500049900238650004500737a1685-42886 IT-MiCISF161014s9999||||xx |||||||||||||| ||und|| aIT-MiCISFcIT-MiCISF ait aVinerba Roberta 0aSe questo è amore...bABC dell'affettività e della sessualità a1a ed. a MilanobPaolinec2006 app. 309 a / educazione, affettività, adolescenza, giovani, educazione-sessuale / Per trattare di innamoramento e corteggiamento, di affetto e eros, di libertà e felicità, l'A. dà spesso voce a poeti, scrittori e filosofi, ma anche ad alcuni fra i più noti interpreti del mondo della canzone. L'A. conclude nel libro che quello che offre sono "criteri, orientamenti, contenuti tali da informare e formare le coscienze perché ognuno possa in maniera consapevole e libera scegliere al meglio". a Adolescenti e giovani / educazionee009